[Event "Wil Acrevis op 1st"]
[Site "Wil"]
[Date "2020.06.20"]
[Round "2"]
[White "Albrecht, Benjamin"]
[Black "Menzi, Jonas"]
[Result "0-1"]
[WhiteElo "1996"]
[BlackElo "1700"]
[PlyCount "48"]
[EventDate "2020.06.19"]
[EventType "swiss"]
[EventRounds "5"]
[EventCountry "SUI"]
[SourceTitle "CBM 197 Extra"]
[Source "ChessBase"]
[SourceDate "2020.09.30"]
[SourceVersion "1"]
[SourceVersionDate "2020.09.30"]
[SourceQuality "1"]

1. d4 Nf6 2. c4 g6 3. g3 Bg7 4. Bg2 d5 5. cxd5 Nxd5 6. Nf3 0-0 7. 0-0 Nc6 8. e4 Nb6 9. d5 Ne5 10. Nxe5 Bxe5 11. Nc3 c6 12. Bh6 Re8 13. f4 Bh8 14. dxc6 Qc7 15. e5 bxc6 16. Nb5 cxb5 17. Rc1 Nc4 18. Rxc4 Qxc4 19. Bxa8 Be6 20. Bg2 Qxa2 21. f5 Bxf5 22. Rxf5 gxf5 23. Qh5 Qe6 24. Bd5 Qg6 0-1

[Event "Stein am Rhein op 11th"]
[Site "Stein am Rhein"]
[Date "2020.02.09"]
[Round "5"]
[White "Menzi, Jonas"]
[Black "Di Cicco, Daniela"]
[Result "1-0"]
[WhiteElo "1719"]
[BlackElo "1111"]
[PlyCount "73"]
[EventDate "2020.02.07"]
[EventType "swiss"]
[EventRounds "5"]
[EventCountry "SUI"]
[SourceTitle "CBM 195 Extra"]
[Source "ChessBase"]
[SourceDate "2020.05.31"]
[SourceVersion "1"]
[SourceVersionDate "2020.05.31"]
[SourceQuality "1"]

1. e4 e6 2. d4 d5 3. Bd3 dxe4 4. Bxe4 Nf6 5. Bf3 Bd6 6. Ne2 0-0 7. Bf4 c6 8. 0-0 Re8 9. c4 Bxf4 10. Nxf4 Qc7 11. g3 Nbd7 12. Qc2 b6 13. Nd2 Bb7 14. c5 Ba6 15. Rfe1 bxc5 16. dxc5 Bb7 17. b4 a6 18. Nc4 Nd5 19. Nxd5 cxd5 20. Nd6 Reb8 21. a4 Bc6 22. Rab1 Qa7 23. Rec1 Ne5 24. Bg2 Qc7 25. b5 axb5 26. axb5 Be8 27. f4 Ng4 28. Qe2 Nf6 29. b6 Qc6 30. Nb5 Ra5 31. Na7 Qb7 32. c6 Qa6 33. Qxa6 Rxa6 34. c7 Rbxb6 35. Rxb6 Rxb6 36. c8Q Kf8 37. Qc5+ 1-0

[Event "Stein am Rhein op 11th"]
[Site "Stein am Rhein"]
[Date "2020.02.09"]
[Round "4"]
[White "Menzi, Jonas"]
[Black "Stepanians, Markus"]
[Result "1-0"]
[WhiteElo "1719"]
[BlackElo "1743"]
[PlyCount "51"]
[EventDate "2020.02.07"]
[EventType "swiss"]
[EventRounds "5"]
[EventCountry "SUI"]
[SourceTitle "CBM 195 Extra"]
[Source "ChessBase"]
[SourceDate "2020.05.31"]
[SourceVersion "1"]
[SourceVersionDate "2020.05.31"]
[SourceQuality "1"]

1. e4 e5 2. Nf3 Nc6 3. Bb5 f5 4. Nc3 fxe4 5. Nxe4 Nf6 6. Qe2 d5 7. Nxe5 dxe4 8. Nxc6 bxc6 9. Bxc6+ Bd7 10. Bxa8 Qxa8 11. d3 Bc5 12. f3 Qd5 13. dxe4 Qd4 14. c3 Qa4 15. b3 Qc6 16. Be3 Bd6 17. Rc1 0-0 18. 0-0 Qb7 19. Qc4+ Kh8 20. Bc5 Bb5 21. Qb4 a5 22. Qa3 Bxf1 23. Bxd6 Nxe4 24. Bxf8 Qb6+ 25. Bc5 Nxc5 26. Kxf1 1-0